000 00315nam a2200133Ia 4500
008 191201s2008 xx 000 0 und d
100 _aTANEJA, S P
245 0 _aModern Physics for Engineering
250 _a4th
260 _c2008
_bR Chand and Co
_aN.Delhi
300 _a228
650 _aAPPLIED
942 _2ddc
_cBB
999 _c7199
_d7199